000 00390 a2200121 4500
000 nam a22 7a 4500
005 20260427104255.0
020 _a9789356405356
100 _aSanjeev Kumar
245 _aOrientalism, Liberalism and Colonial Governmentality : Deconstructing the Imperialized Historiography of Modern South Asia
260 _bBloomsbury Publishing
_c2025
942 _cTEXL
999 _c1848546
_d1848546